| 000 | 00902 a2200229 4500 | ||
|---|---|---|---|
| 005 | 20081010110017.0 | ||
| 008 | 081010t xxu||||| |||| 00| 0 eng d | ||
| 010 | _aUR-7293 | ||
| 020 |
_a818711383 _c550.00 |
||
| 035 | _aU-5848 | ||
| 037 | _bD.B.Act/pub | ||
| 082 | _a921 | ||
| 100 | _aکر ما نی وارث | ||
| 245 |
_aگھو متی ندی _c سيد وارث کر مانی |
||
| 246 |
_aGhuamti Nadi _bby Waris Kirmani |
||
| 260 |
_aرامپور _bوقا ر الحسن صد يقی رضا لا يبر يری _c2006 |
||
| 270 |
_aرامپور رضا لايبريری قلعہ رامپور _bرامپور _cيو پی |
||
| 300 |
_a434 ص _bپکچر _c22cm |
||
| 650 | _aسوا نح عمر ی | ||
| 942 |
_adpl _cUR _2ddc _h921 _m ک ر م |
||
| 999 |
_c2004 _d2004 |
||